ردع الراغب عن الجمع في صلاة الرغائب / (رقم التسجيلة. 1225)
[ عرض عادي ]
| 000 -الفاتح | |
|---|---|
| عناصر البيانات ثابتة الطول | 00982cam a2200229 i 4500 |
| 005 - تاريخ ووقت آخر معاملة | |
| حقل ضبط | 20251221094105.0 |
| 008 - عناصر البيانات ثابتة الطول | |
| عناصر البيانات ثابتة الطول | 250721r2008 jo gr 000 0 ara d |
| 020 ## - الترقيم الدولي المعياري للكتب (ردمك) | |
| الترقيم الدولي المعياري للكتب (ردمك) | 9789957230814 |
| 082 14 - رقم تصنيف ديوي العشري | |
| رقم التصنيف | 218.2 |
| رقم المادة | غ ا ن |
| 100 1# - مدخل رئيسي – اسم شخصي | |
| الاسم الشخصي | ابن غانم المقدسي، علي بن محمد بن علي الخزرجي الحنفي |
| علاقة الشخص بالعمل/ دوره | مؤلف. |
| تواريخ خاصة بالشخص | (1004-920)ه، |
| 245 10 - بيان العنوان | |
| العنوان | ردع الراغب عن الجمع في صلاة الرغائب / |
| بيان المسؤولية | تاليف الامام نور الدين علي بن غانم المقدسي الحنفي. |
| 246 11 - الأشكال المختلفة للعنوان | |
| العنوان الفعلي/العنوان المختصر | CONCLUDIND DESIRE TO PREFORM : THE RAGHAIB PRATER |
| 250 ## - بيان الطبعة | |
| بيان الطبعة | الطبعة الاولى. |
| 264 31 - بيانات النشر، التوزيع…إلخ | |
| مكان النشر، التوزيع...إلخ | عمان : |
| اسم الناشر، الموزع...إلخ | دار الفتح للدراسات و النشر، |
| تاريخ النشر، التوزيع...إلخ | 2008. |
| 300 ## - الوصف المادي | |
| عدد الوحدات المكونة للوعاء | 56 صفحة. |
| 650 17 - مدخل إضافي بالموضوع - مصطلح موضوعي | |
| مصطلح موضوعي أو اسم جغرافي كعنصر مدخل | المعتقدات الاسلاميه. |
| 650 17 - مدخل إضافي بالموضوع - مصطلح موضوعي | |
| مصطلح موضوعي أو اسم جغرافي كعنصر مدخل | البدع. |
| 650 17 - مدخل إضافي بالموضوع - مصطلح موضوعي | |
| مصطلح موضوعي أو اسم جغرافي كعنصر مدخل | الصلاه. |
| 700 1# - مدخل إضافي - اسم شخصي | |
| الاسم الشخصي | المباركي، محمد بن عبد الله |
| علاقة الشخص بالعمل/ دوره | محقق. |
| 942 ## - بيانات إضافية (كوها) | |
| نوع التنصيف | Dewey Decimal Classification |
| نوع المادة (كوها) | كتب |
| حالة السحب | حالة الفقدان | مصدر التصنيف | حالة التلف | غير قابل للإعارة | المكتبة الرئيسية | المكتبة الحالية | موقع الرف | تاريخ التزويد | الرقم المتسلسل | Total Checkouts | رقم الإستدعاء | الباركود | تاريخ آخر ظهور | تاريخ الفاتورة | نوع المادة (كوها) |
|---|---|---|---|---|---|---|---|---|---|---|---|---|---|---|---|
| Dewey Decimal Classification | المكتبة المركزية | المكتبة المركزية | الإعارة | 28/07/2025 | 1265708 | 218.2 / غ ا ن | PLD00076031 | 28/07/2025 | 28/07/2025 | كتب | |||||
| Dewey Decimal Classification | المكتبة المركزية | المكتبة المركزية | مقتنيات قسم التزويد | 28/07/2025 | 1265709 | 218.2/غان | 28/07/2025 | 28/07/2025 | كتب | ||||||
| Dewey Decimal Classification | المكتبة المركزية | المكتبة المركزية | مقتنيات قسم التزويد | 28/07/2025 | 1265710 | 218.2/غان | 28/07/2025 | 28/07/2025 | كتب | ||||||
| Dewey Decimal Classification | المكتبة المركزية | المكتبة المركزية | مقتنيات قسم التزويد | 28/07/2025 | 1488937 | 218.2/غان | 28/07/2025 | 28/07/2025 | كتب | ||||||
| Dewey Decimal Classification | المكتبة المركزية | المكتبة المركزية | مقتنيات قسم التزويد | 28/07/2025 | 1488740 | 218.2/غان | 28/07/2025 | 28/07/2025 | كتب | ||||||
| Dewey Decimal Classification | مكتبة أبو علندا العامة | مكتبة أبو علندا العامة | الإعارة | 07/03/2009 | 1265712 | 218.2/غان | PLD00076225 | 28/07/2025 | 07/03/2009 | كتب |